Toxic dinoflagellate blooms : proceedings of the Second International Conference on Toxic Dinoflagellate Blooms, Key Biscayne, Florida, October 31-November 5, 1978
Saved in:
| Corporate Author: | |
|---|---|
| Other Authors: | , |
| Format: | Conference Proceeding Book |
| Language: | English |
| Published: |
New York :
Elsevier,
c1979
|
| Series: | Developments in marine biology
; 1 |
| Subjects: | |
| Tags: |
Add Tag
No Tags, Be the first to tag this record!
|
MARC
| LEADER | 00000cam a2200000 i 4500 | ||
|---|---|---|---|
| 001 | 1/76866 | ||
| 008 | 970410s1979 eng d | ||
| 020 | |a 0-444-00318-5 | ||
| 035 | |l 10004132 | ||
| 040 | |a GR-MY-UA |b gre |e aacr | ||
| 041 | 0 | |a eng | |
| 082 | 0 | |a 593.18 | |
| 111 | 2 | |a International Conference on Toxic Dinoflagellate Blooms |n (2nd : |d 1978 |c : Key Biscayne) | |
| 245 | 1 | 0 | |a Toxic dinoflagellate blooms : |b proceedings of the Second International Conference on Toxic Dinoflagellate Blooms, Key Biscayne, Florida, October 31-November 5, 1978 / |c Editors Dennis L. Taylor; Howard H. Seliger |
| 260 | |a New York : |b Elsevier, |c c1979 | ||
| 300 | |a xviii, 505 p.; |b ill.; |c 25 cm | ||
| 490 | 1 | |a Developments in marine biology |v ; 1 | |
| 504 | |a Includes bibliographical references and index | ||
| 650 | 0 | 0 | |a Dinoflagellate blooms |x Congresses. |
| 650 | 0 | 0 | |a Toxic marine algae |x Congresses. |
| 650 | 0 | 0 | |a Red tide |x Congresses. |
| 650 | 0 | 0 | |a Paralytic shellfish poisoning |x Congresses. |
| 700 | 1 | |a Taylor, Dennis L. |4 edt | |
| 700 | 1 | |a Seliger, Howard H. |q (Howard Harold) |d 1924- |4 edt | |
| 852 | |a INST |b LESVOS |e 19970410 |h 593.18 TOX |p 005100011574 |q 005100011574 |t BK |y 0 | ||
| 909 | |a Λ |b 005132 | ||